The Z Sporcle Quiz Stats

 Plays Quiz not verified by Sporcle

Also try: The A Sporcle Quiz
Challenge
Share
Tweet
Embed
Score 0/15 Timer 03:00
0 Plays Today
Description Answer % Correct
This undead costume is one of the most popular during Halloween.Zombie
84.7%
Princess who is the title character in Nintendo video game series with Link.Zelda
78.5%
Territory formerly known as Southern Rhodesia is now this African country.Zimbabwe
76.2%
Metallic chemical element that has an atomic number of 30.Zinc
71.6%
A line or course having abrupt alternate right and left turns.Zig zag
69.3%
Pillowtalk singer and former member of One Direction who goes by this mononym.Zayn
64%
Secret identity of Don Diego de la Vega, a fictional character by writer Johnston McCulley.Zorro
63.2%
A defense in some sports where each player guards a specific area in the field of play.Zone defense
59.4%
Description Answer % Correct
This celebrity family includes Dweezil, Moon Unit, and Diva Muffin.Zappa
55.2%
An official language of South Africa, understood by nearly 50% of the population.Zulu
55.2%
Mazda's official magazine is titled after this, one of their slogans.Zoom-Zoom
54%
2012 film revolving around the military operative to find and eliminate Osama bin Laden.Zero Dark Thirty
49.4%
The movement for the establishment of a homeland for Jewish people.Zionism
46.4%
Nickelodeon series starring Jamie Lynn Spears as the title character.Zoey 101
38.3%
A German proposal asking for a military alliance with Mexico during World War I.Zimmermann Telegram
10.7%

You're not logged in!

Compare scores with friends on all Sporcle quizzes.
Join for Free
OR
Log In

You Might Also Like...

Show Comments

Extras

Top Quizzes Today


Score Distribution

Your Account Isn't Verified!

In order to create a playlist on Sporcle, you need to verify the email address you used during registration. Go to your Sporcle Settings to finish the process.

Report this User

Report this user for behavior that violates our Community Guidelines.

Details: